000 00626nam a2200205Ia 4500
005 20220702113233.0
008 210716s2009 xx 000 0 und d
020 _a9780195667523
040 _cAIMIT LIBRARY
041 _aeng
082 _a511.8
_22
_bBIGN
100 _aBiggs, Norman L.
_946737
245 _aDiscrete mathematics /
_cBy Norman L Biggs.
250 _a2nd ed.
260 _aNew York :
_bOxford University Press ,
_c2009.
300 _axiv,425p. ;
_c24 cm.
650 _aStatements and proofs
_946738
650 _aPartition classification and distribution
_946739
942 _2ddc
_cBK
_e2nd ed.
_k511.8 BIGN
999 _c189787
_d189787